LDR 00594naa#a2200169#i#450# 001 EN\INFRA-M\bibl\92198 005 20260630054616.2 011 ## _a1998-0728 100 ## _a20241219b2024####ek#y0engy0150####ca 102 ## _aRU 200 1# _aExtracurricular Activities: Introducing Children of Primary School Age to Family Values _eJournal article 210 1# _aMoscow _cINFRA-M Academic Publishing LLC. _d2024 215 ## _a3 с. 608 ## _aJournal article _2local 675 ## _aПервая ступень обучения. Начальная школа. 373.3 _z 700 #1 _aSchetinskaya _gV. A. 856 4# _anaukaru.ru _u